000 00709nam a2200241 a 4500
001 68068
003 BD-RjUL
005 20211209081728.0
008 170330s1984 nyua b 001 0 eng d
020 _a0871969963
035 _a(BD-RjUL)68277
040 _aDLC
_cDLC
_dDLC
_dBD-RjUL
_beng
041 _aeng
082 0 0 _a595.44
_223
_bPRS 1984
100 1 _aPreston-Mafham, Rod.
_9201784
245 1 0 _aSpiders of the world /
_cRod & Ken Preston-Mafham.
260 _aNew York :
_bFacts on File Publications,
_cc1984.
300 _a191 p. :
_bill. ;
_c23 cm.
504 _aIncludes index and Bibliography: p. 185.
650 0 _aSpiders.
_9201785
700 2 _aPreston-Mafham, Ken.
_9201786
942 _2ddc
_cBK
999 _c68068
_d68068